Statistics for business and economics. (6th ed.) (Record no. 58358)

MARC details
000 -LEADER
fixed length control field 00857nam a2200241 a 4500
008 - FIXED-LENGTH DATA ELEMENTS--GENERAL INFORMATION
fixed length control field 101019s2007 ||||||||||||||||| || u
020 ## - INTERNATIONAL STANDARD BOOK NUMBER
International Standard Book Number 0138142505
050 ## - LIBRARY OF CONGRESS CALL NUMBER
Classification number HA 29 New
100 ## - MAIN ENTRY--PERSONAL NAME
Personal name Carlson, William L
245 10 - TITLE STATEMENT
Title Statistics for business and economics. (6th ed.)
Statement of responsibility, etc. by Paul Newbold; William L. Carlson; Betty Thorne
250 ## - EDITION STATEMENT
Edition statement 6th ed.
260 ## - PUBLICATION, DISTRIBUTION, ETC.
Place of publication, distribution, etc. New Jersey:
Name of publisher, distributor, etc. Pearson
Date of publication, distribution, etc. 2007
300 ## - PHYSICAL DESCRIPTION
Extent xxii, 984p.: ill.
350 ## - PRICE (NR) (BK AM CF MU VM SE) [OBSOLETE]
Price 0.00
500 ## - GENERAL NOTE
General note accompanied by a CD-ROM
650 #3 - SUBJECT ADDED ENTRY--TOPICAL TERM
Topical term or geographic name entry element P0PULATION STATISTICS
650 #0 - SUBJECT ADDED ENTRY--TOPICAL TERM
Topical term or geographic name entry element ECONOMICS
650 #0 - SUBJECT ADDED ENTRY--TOPICAL TERM
Topical term or geographic name entry element ECONOMICS--STATISTICAL METHODS
650 #0 - SUBJECT ADDED ENTRY--TOPICAL TERM
Topical term or geographic name entry element COMMERCIAL STATISTICS
700 ## - ADDED ENTRY--PERSONAL NAME
Personal name Thorne, Betty
700 ## - ADDED ENTRY--PERSONAL NAME
Personal name Newbold, Paul
995 ## - RECOMMENDATION 995 [LOCAL, UNIMARC FRANCE]
-- 0.00
-- CBU-MAIN LIBRARY (Kitwe)
-- 1
-- 0.00
-- 1
-- AVAILABLE
-- Nov 23, 2010
-- Main Library Open Access Collection
Holdings
Withdrawn status Lost status Source of classification or shelving scheme Damaged status Not for loan Home library Current library Shelving location Date acquired Total Checkouts Full call number Barcode Date last seen Date last checked out Price effective from Koha item type
          CBU-MAIN LIBRARY, KITWE. CBU-MAIN LIBRARY, KITWE.   11/30/2022 5 HA 29 New 742049 07/08/2024 06/24/2024 11/30/2022 MONOGRAPH